Players who scored over 10 goals on premier league 24/25 - Statistics

General Stats
  • This quiz has been taken 16 times
  • The average score is 15 of 25
Answer Stats
Goals Nation Answer % Correct
22 Norway Erling Haaland
100%
29 Egypt Mohammed Salah
94%
23 Sweden Alexander Isak
88%
20 New Zealand Chris Wood
88%
10 Netherlands Cody Gakpo
88%
20 Cameroon Bryan Mbeumo
75%
13 Colombia Luis Diaz
75%
12 Mexico Raul Jimenez
75%
16 England Ollie Watkins
69%
19 Congo DR Yoane Wissa
69%
11 Wales Brennan Johnson
63%
13 England Jarrod Bowen
63%
14 France Jean-Philippe Mateta
63%
10 Japan Kaoru Mitoma
63%
10 Senegal Nicolas Jackson
56%
15 England Cole Palmer
50%
12 Netherlands Justin Kluivert
50%
15 Brazil Matheus Cunha
50%
11 Ghana Antoine Semenyo
44%
10 Brazil Joao Pedro
44%
11 Germany Kevin Schade
44%
10 Brazil Evanilson
38%
10 England Danny Welbeck
31%
14 Norway Jorgen Strand Larsen
25%
12 England Liam Delap
25%
No matching quizzes found
Score Distribution
Percent of People with Each Score
Percentile by Number Answered
Your Score History
You have not taken this quiz